Những chuyện thánh thần
Tài liệu nêu vài câu chuyện cụ thể về những kẻ lợi dụng bói toán, mê tín dị đoan để lừa gạt kiếm tiền
Zapisane w:
| Format: | Książka |
|---|---|
| Język: | Undetermined |
| Wydane: |
Vĩnh Phú
Sở VHTT
1983
|
| Hasła przedmiotowe: | |
| Etykiety: |
Dodaj etykietę
Nie ma etykietki, Dołącz pierwszą etykiete!
|
| Thư viện lưu trữ: | Trung tâm Học liệu Trường Đại học Cần Thơ |
|---|
| LEADER | 00626nam a2200169Ia 4500 | ||
|---|---|---|---|
| 001 | CTU_6246 | ||
| 008 | 210402s9999 xx 000 0 und d | ||
| 082 | |a 398.2 | ||
| 082 | |b Nh556 | ||
| 245 | 0 | |a Những chuyện thánh thần | |
| 260 | |a Vĩnh Phú | ||
| 260 | |b Sở VHTT | ||
| 260 | |c 1983 | ||
| 520 | |a Tài liệu nêu vài câu chuyện cụ thể về những kẻ lợi dụng bói toán, mê tín dị đoan để lừa gạt kiếm tiền | ||
| 650 | |a ghost stories | ||
| 904 | |i Nguyễn Quang Điền, 960815 | ||
| 980 | |a Trung tâm Học liệu Trường Đại học Cần Thơ | ||